000 01614nas a2200301 4500
001 113944
003 DR-UNIBE
005 20250725102916.0
008 250725b2023 dr ||||| |||| 00| 0 spa d
022 _a2636-2252
040 _aBiblioteca UNIBE
_cBiblioteca UNIBE
041 _aspa
_hspa
082 _222
_aPP-RD 551.5253 E19e
245 0 0 _aEconoclima :
_bestudios de cambio climático del Banco Central
260 _aSanto Domingo :
_bBanco Central de la República Dominicana. Departamento de Programación Monetaria y Estudios Económicos,
_c2023
300 _avolúmenes :
_bilustraciones, gráficos ;
_c28 cm
310 _aAnual
362 _a(2023) - (2024)
520 3 _a"Econoclima" es el nombre de una serie de estudios sobre cambio climático realizados por el Banco Central de la República Dominicana. Estos estudios analizan los impactos económicos del cambio climático en el país, incluyendo la vulnerabilidad a fenómenos meteorológicos extremos y sus efectos en sectores clave como la agricultura y el turismo. El Banco Central ha incorporado el análisis del cambio climático en su agenda de trabajo, reconociendo su importancia para la estabilidad macroeconómica y financiera.
650 7 _2lemb
_aCambios climáticos
_xAspectos económicos
_zRepública Dominicana
_9197703
650 7 _2lemb
_aCambios globales de temperatura
_9820
650 7 _2lemb
_aEconomía ambiental
650 7 _2lemb
_aCalentamiento global
_927825
650 7 _2lemb
_aEfecto invernadero
650 7 _2lemb
_aGases de invernadero
_9136873
655 7 _2lemb
_aPublicaciones periódicas
942 _2ddc
_cCR
999 _c113944
_d113944